Carnavales y murgas porteñas: antiguos y nuevos espacios de expresión urbana [fotocopia] /
Guardado en:
| Autor Principal: | |
|---|---|
| Otros Autores: | |
| Formato: | Libro |
| Publicado: |
: ,
2000
|
| Materias: | |
| Etiquetas: |
Agregar Etiqueta
Sin Etiquetas, Sea el primero en etiquetar este registro!
|
| LEADER | 00544nam a22001815a 4500 | ||
|---|---|---|---|
| 001 | CEM.cems011165 | ||
| 005 | 20060214000000.0 | ||
| 008 | 130507s2000##################000#0#####d | ||
| 003 | CEMS | ||
| 082 | 0 | 4 | |a F394.2 |
| 100 | 1 | |a Jones, María | |
| 245 | 1 | 0 | |a Carnavales y murgas porteñas: antiguos y nuevos espacios de expresión urbana [fotocopia] / |
| 260 | |a : , |c 2000 | ||
| 653 | |a Carnavales | ||
| 653 | |a Murgas | ||
| 653 | |a Carnavales y murgas porte¥as | ||
| 700 | 1 | |a Nacci, María José | |
| 859 | |a CEMS |b BIB. CEMS - 11 de abril |h F394.2 |i 2 |p 1909.44 |t Ej.1 | ||
